World Famous Scientists: (Record no. 204760)

MARC details
000 -LEADER
fixed length control field 00602 a2200193 4500
005 - DATE AND TIME OF LATEST TRANSACTION
control field 20240802150406.0
010 ## - LCCN (DPL NO)
LC control number ENG-141155
020 ## - INTERNATIONAL STANDARD BOOK NUMBER
Terms of availability 250.00
035 ## - SYSTEM CONTROL NUMBER
System control number EN-124687
037 ## - SOURCE OF ACQUISITION
Source of stock number/acquisition DBAD
082 ## - DEWEY DECIMAL CLASSIFICATION NUMBER
Classification number 921
Edition number 1
245 ## - TITLE STATEMENT
Title World Famous Scientists:
Remainder of title Modern and Ancient/
Statement of responsibility, etc Retold by Kolar Krishna Iyer
250 ## - EDITION STATEMENT
Edition statement 1
260 ## - PUBLICATION, DISTRIBUTION, ETC. (IMPRINT)
Place of publication, distribution, etc Vijayawada
Name of publisher, distributor, etc Navaratna Book House
Date of publication, distribution, etc 2023
270 ## - ADDRESS
Address 28-22-20, Rahiman Street, Arundel Pet,
City Vijayawada
Postal code 520002
Telephone number 08662432813
300 ## - PHYSICAL DESCRIPTION
Extent 167p.
Dimensions 22cm(pb)
700 ## - ADDED ENTRY--PERSONAL NAME
9 (RLIN) 9757
Personal name Iyer, Kolar Krishna
Relator term Retold
942 ## - ADDED ENTRY ELEMENTS (KOHA)
Institution code [OBSOLETE] dpl
Item type English Books
Source of classification or shelving scheme Dewey Decimal Classification
Call number suffix WOR
Classification part 921
Holdings
Withdrawn status Lost status Not for loan Collection code Home library Current library Date acquired Source of acquisition Cost, normal purchase price Full call number Barcode Copy number Cost, replacement price Koha item type
      Non-fiction Central Library Central Library 02/08/2024 Delivery of Books Act Division 250.00 WOR 921 EN-124687 1 250.00 English Books

© Delhi Public Library
Hit Counter
free hit counter